| 000 | 00482nam a2200157 i 4500 | ||
|---|---|---|---|
| 001 | 87522 | ||
| 003 | ES-MaACL | ||
| 005 | 20230906175703.0 | ||
| 007 | t| | ||
| 008 | 041222s1958 sp ||||1| cat d | ||
| 100 | 1 |
_aKucera, Enrique. _968945 |
|
| 245 | 1 | 3 |
_aUn principat en el cor del Pirineu _b: les Valls d'Andorra / _cpor Enric Kucera. |
| 260 |
_aBarcelona : _bEnrique Kucera, _c[1958] ( _fS.A.D.A.G.) |
||
| 300 |
_a63 p. : _bil. ; _c14 cm. |
||
| 852 |
_aES-MaACL _jD-8377 _bR.42387 |
||
| 999 |
_c87522 _d87522 |
||